U.S. Geography by Letter - F - Statistics

General Stats
  • This quiz has been taken 44,420 times
    14,910 since last reset
  • The average score is 12 of 20
Answer Stats
Clue Answer % Correct
"The Sunshine State" Florida
100%
U.S. military base where gold is supposedly being stored {Fort} {Knox}
78%
Capital of Kentucky Frankfort
74%
Neighborhood which Bourbon Street runs through {French} Quarter
74%
Where AZ, CO, NM, and UT meet at a single point {Four} {Corners}
70%
Bird which you can see in the wild in southern Florida, and nowhere else in the United States Flamingo
69%
Most populous city in North Dakota Fargo
68%
City just up the coast from Miami {Fort} {Lauderdale}
66%
The only U.S. city with a population over 1 million that is NOT the largest city in its metro area {Fort} {Worth}
66%
Largest city in California's Central Valley Fresno
66%
City in Michigan which had too much lead in its water Flint
65%
San Francisco neighborhood where you can view sea lions {Fisherman}'s Wharf
63%
Northernmost city in the U.S. with a population over 10,000 Fairbanks
57%
Original name of One World Trade Center, the tallest building in the U.S. {Freedom} Tower
56%
Group of narrow lakes in New York state {Finger} Lakes
54%
City in Arizona near the Grand Canyon Flagstaff
54%
California prison that Johnny Cash wrote a song about Folsom
51%
Second biggest city in Indiana {Fort} {Wayne}
47%
Park in Queens which hosted the World's Fair in 1939 and 1964 {Flushing} Meadows
42%
Part of the Rocky Mountains that is just west of Denver {Front} Range
20%
No matching quizzes found
Score Distribution
Percent of People with Each Score
Percentile by Number Answered
Your Score History
You have not taken this quiz since the last reset